Statistiken für Beste La Liga Torschützen Real Madrid

Klicken Sie hier um das Quiz zu spielen!

Allgemein

  • Dieses Quiz wurde 169 mal gespielt
    (7 seit der letzten Aktualisierung)
  • Das Durchschnittsergebnis liegt bei 23 aus 35

Antwortstatistiken

SaisonNationalitätToreSpieler% Korrekt
2012/13Portugal34Cristiano Ronaldo
100%
2015/16Portugal35Cristiano Ronaldo
100%
2010/11Portugal40Cristiano Ronaldo
100%
2011/12Portugal46Cristiano Ronaldo
100%
2013/14Portugal31Cristiano Ronaldo
100%
2014/15Portugal48Cristiano Ronaldo
100%
2017/18Portugal26Cristiano Ronaldo
100%
2016/17Portugal25Cristiano Ronaldo
100%
2023/24England19Jude Bellingham
100%
2018/19Frankreich21Karim Benzema
100%
2019/20Frankreich21Karim Benzema
100%
2020/21Frankreich23Karim Benzema
100%
2021/22Frankreich27Karim Benzema
100%
2022/23Frankreich19Karim Benzema
100%
2005/06Brasilien14Ronaldo
100%
2004/05Brasilien21Ronaldo
100%
2003/04Brasilien24Ronaldo
100%
2002/03Brasilien23Ronaldo
100%
2000/01Spanien24Raúl
75%
1995/96Spanien19Raúl
75%
1998/99Spanien25Raúl
75%
2007/08Spanien18Raúl
75%
1999/00Spanien17Raúl
75%
2006/07Niederlande25Ruud van Nistelrooy
50%
2008/09Argentinien22Gonzalo Higuaín
25%
2009/10Argentinien27Gonzalo Higuaín
25%
1990/91Spanien19Butragueño
0%
1996/97Kroatien24Davor Šuker
0%
1991/92Spanien21Hierro
0%
1994/95Chile28Iván Zamorano
0%
1993/94Chile11Iván Zamorano
0%
1992/93Chile26Iván Zamorano
0%
1993/94Spanien11Míchel
0%
2001/02Spanien18Morientes
0%
1997/98Spanien12Morientes
0%

Verteilung der Resultate

Perzentil nach korrekt beantworteten Fragen

Anzahl Personen mit jedem Resultat

Ihre Resultats-Entwicklung

Sie haben dieses Quiz seit der letzten Aktualisierung nicht gespielt